书目信息 |
| 题名: |
百岁长寿经
|
|
| 作者: | 郭成 主编 | |
| 分册: | ||
| 出版信息: | 海口 海南出版社 2004 |
|
| 页数: | 308页 | |
| 开本: | 21cm | |
| 丛书名: | 新概念健康红宝书 | |
| 单 册: | ||
| 中图分类: | R161.7 , R161.7 | |
| 科图分类: | ||
| 主题词: | 长寿--基本知识 , 个人卫生 | |
| 电子资源: | ||
| ISBN: | 7-5443-1266-6 | |
| 000 | 01154nam0 2200349 450 | |
| 000 | 01117nam0 2200337 450 | |
| 000 | 01129nam0 2200337 450 | |
| 000 | 01075nam0 2200313 450 | |
| 000 | 01006nam0 2200289 450 | |
| 000 | 00969nam0 2200277 45 | |
| 001 | TS2006029887 | |
| 005 | 20061226162117.29 | |
| 010 | @a7-5443-1266-6@dCNY20.00(全9册180.00) | |
| 100 | @a20060829d2004 em y0chiy0120 ea | |
| 101 | 0 | @achi |
| 102 | @aCN@b460000 | |
| 105 | @ay z 000yy | |
| 200 | 1 | @a百岁长寿经@Abai sui chang shou jing@f郭成主编@FGuo Cheng Zhu Bian |
| 210 | @a海口@c海南出版社@d2004 | |
| 215 | @a308页@d21cm | |
| 225 | 2 | @a新概念健康红宝书@e健康养生知识精华 |
| 330 | @a本书内容包括:古人百岁长寿经、名医百岁长寿经、现代名人长寿经、百岁老人养生经、外国寿星养生经、长寿百岁的奥秘。 | |
| 410 | 0 | @12001 @a新概念健康红宝书 |
| 606 | 0 | @a长寿@x基本知识 |
| 606 | 0 | @a个人卫生 |
| 690 | @aR161.7@v4 | |
| 690 | @aR161.7@v3 | |
| 701 | 0 | @a郭成@Aguo cheng@4主编 |
| 801 | 0 | @aCN@b中图数据@c20061226 |
| 905 | @a10447@dR161.7@e129 | |
| 百岁长寿经/郭成主编.-海口:海南出版社,2004 |
| 308页;21cm.-(新概念健康红宝书:健康养生知识精华) |
| ISBN 7-5443-1266-6:CNY20.00(全9册180.00) |
| 本书内容包括:古人百岁长寿经、名医百岁长寿经、现代名人长寿经、百岁老人养生经、外国寿星养生经、长寿百岁的奥秘。 |
| ● |
| 相关链接 |
|
|
|
|
正题名:百岁长寿经
索取号:R161.7/129
 
预约/预借
| 序号 | 登录号 | 条形码 | 馆藏地/架位号 | 状态 | 备注 |
| 1 | 0606729 | 206067290 | 第二样本阅览室/ [索取号:R161.7/129] | 在馆 | |
| 2 | 0606730 | 206067307 | 第三借阅区/ [索取号:R161.7/129] | 在馆 | |
| 3 | 0606731 | 206067316 | 第三借阅区/ [索取号:R161.7/129] | 在馆 |